00338nam a2200121Ia 4500003000400000008004100004040001600045082001800061245007000079260005100149300001100200490000500211GCL140319s9999 xx 000 0 ara d aGCL / cGCL04a665.53bا ت10aتكرير البترول التكنولوجيا المعاصرة a[S.N] : bدار الثقافة العربية a361 ص a